000 00581nam a2200205Ia 4500
005 20250507130212.0
008 008 250505s9999 xx 000 0 eng d
037 _aSeries Article
040 _aEASL
_beng
_cEASL
041 _aeng
_2eng
084 _qEASL
100 _aJinbo Li
_9668789
245 0 _aConfucian filial piety,economic growth and divergence among civilizations
260 _aChina
_bBeijing Routledge China
_c2012
300 _a69-88
650 _aSocial Science
700 _aHuihua Nie
_9668790
942 _cSRA
999 _c1318289
_d1318289